Call of Duty Zombies Quiz - Statistiken

Allgemein
  • Dieses Quiz wurde 71 mal gespielt
    70 seit der letzten Aktualisierung
  • Das Durchschnittsergebnis liegt bei 17 aus 44
Antwortstatistiken
Spiel Jahr Antwort % Korrekt
Black Ops 2010 Kino der Toten
86%
Black Ops 2011 Moon
65%
Black Ops 2 2013 Buried
57%
World at War 2008 Nacht der Untoten
57%
World at War 2008 Der Riese
55%
Black Ops 2010 Five
55%
Black Ops 2 2013 Origins
55%
Black Ops 2 2012 Town
55%
Black Ops 2 2012 TranZit
55%
Black Ops 3 2016 Der Eisendrache
53%
Black Ops 2 2013 Die Rise
53%
Black Ops 2011 Shangri-La
53%
World at War 2008 Verrückt
51%
Black Ops 2 2013 Mob of the Dead
49%
Black Ops 3 2015 Shadows of Evil
49%
World at War 2008 Shi No Numa
49%
Black Ops 3 2016 Gorod Krovi
47%
Black Ops 2 2012 Farm
45%
Black Ops 2 2012 Nuketown Zombies
43%
Black Ops 2011 Ascension
39%
Black Ops 2010 Dead Ops Arcade
39%
Black Ops 3 2015 Dead Ops Arcade 2: Cyber's Avengening
39%
Black Ops Cold War 2020 Dead Ops Arcade 3: Rise of the Mamaback
39%
Black Ops 2 2012 Bus Depot
37%
Black Ops 2011 Call of the Dead
35%
Black Ops 4 2018 IX
35%
Black Ops 3 2016 Revelations
35%
Black Ops 6 2024 Liberty Falls
33%
Black Ops 3 2015 The Giant
33%
Black Ops 4 2019 Tag der Toten
29%
Black Ops 3 2016 Zetsubou No Shima
29%
Black Ops Cold War 2020 Die Maschine
27%
Black Ops Cold War 2021 Mauer der Toten
25%
Black Ops 6 2024 Terminus
24%
Black Ops 4 2019 Alpha Omega
22%
Black Ops 4 2018 Blood of the Dead
22%
Black Ops 4 2018 Dead of the Night
18%
Black Ops 2 2012 Diner
18%
Black Ops Cold War 2021 Firebase Z
18%
Black Ops 4 2019 Ancient Evil
16%
Black Ops 4 2018 Classified
14%
Black Ops Cold War 2021 Forsaken
12%
Black Ops Cold War 2021 Outbreak
8%
Black Ops 4 2018 Voyage of Dispair
4%
Keine übereinstimmenden Quizze gefunden
Verteilung der Resultate
Anzahl Personen mit jedem Resultat
Perzentil nach korrekt beantworteten Fragen
Ihre Resultats-Entwicklung
Sie haben dieses Quiz seit der letzten Aktualisierung nicht gespielt